| 000 | 00716cam a22002413a 4500 | ||
|---|---|---|---|
| 001 | 34867 | ||
| 003 | PGUSA | ||
| 005 | 20140828083743.0 | ||
| 008 | 110106s2011||||xxu|||||s|||||000 | eng d | ||
| 040 |
_aPGUSA _beng |
||
| 042 | _adc | ||
| 100 | 1 | _aFinden, William | |
| 245 | 1 | 4 |
_aThe Ports, Harbours, Watering-places and Picturesque Scenery of Great Britain Vol. 2 _h[electronic resource] / _cWilliam Finden |
| 260 |
_bProject Gutenberg, _c2011 |
||
| 506 | _aPublic domain in the USA. | ||
| 516 | _aElectronic text | ||
| 700 | 1 | _aBartlett, W. H. | |
| 700 | 1 | _aCreswick, T. | |
| 700 | 1 | _aHarding, J. D. | |
| 830 | 0 |
_aProject Gutenberg _v34867 |
|
| 856 | 4 | 0 | _uhttp://www.gutenberg.org/ebooks/34867 |
| 942 | _cEB | ||
| 999 |
_c264122 _d264122 |
||